LEADER 00751nam0-22002891i-450- 001 990006251480403321 005 19980601 035 $a000625148 035 $aFED01000625148 035 $a(Aleph)000625148FED01 035 $a000625148 100 $a19980601d1923----km-y0itay50------ba 105 $a--------00-yy 200 1 $aFrode Pia$fPiero Addeo. 210 $aMilano$cSoc. Ed. Libraria$d1923 215 $a9 p.$d24 cm 463 $d$1200$a"Monitore dei Tribunali", n. 6 676 $a346.092 700 1$aAddeo,$bPiero$0236439 801 0$aIT$bUNINA$gRICA$2UNIMARC 901 $aBK 912 $a990006251480403321 952 $aBUSTA 3 (9) 26$b2862$fFGBC 959 $aFGBC 996 $aFrode Pia$9639283 997 $aUNINA DB $aGIU01 LEADER 01032cam2 22002893 450 001 SOBE00081888 005 20250121134636.0 100 $a20250121d1993 |||||ita|0103 ba 101 $aita 102 $aIT 200 0 $a2$fGiacomo Giordano, Domenico Iannelli, Giuseppe Santoro 205 $a2 ed 210 $aTorino$cUTET$d1993 215 $aP. XIX, 406-803$d24 cm 461 1$1001SON0004405$12001 $a<>contratto di agenzia. La mediazione / Giacomo Giordano ; Domenico Iannelli ; Giuseppe Santoro 700 1$aGiordano$b, Giacomo$3AF00009207$4070$0229258 701 1$aIannelli, Domenico$3AF00009216$4070$069717 701 1$aSantoro, Giuseppe$3AF00019958$4070$0229096 801 0$aIT$bUNISOB$c20250121$gRICA 850 $aUNISOB 852 $aUNISOB$j340|Coll|15|K$m95140 912 $aSOBE00081888 940 $aM 102 Monografia moderna SBN 941 $aW 957 $a340|Coll|15|K$b000005$i-2$gSI$d95140$1rovito$2UNISOB$3UNISOB$420250121134550.0$520250121134636.0$6rovito 996 $a2$94314047 997 $aUNISOB